#3 Lyrics erraten - Statistiken

Allgemein
  • Dieses Quiz wurde 86 mal gespielt
  • Das Durchschnittsergebnis liegt bei 141 aus 419
Antwortstatistiken
Antwort % Korrekt
Ich
99%
ich
99%
du
95%
Du
95%
wir
90%
da
88%
sie
88%
das
81%
Die
81%
die
81%
der
80%
Es
80%
Und
80%
und
80%
wa-,
80%
Liebe
78%
ein
70%
für
68%
Ist
68%
war
68%
dich,
66%
den
65%
in
65%
nicht
64%
hab
63%
zu
61%
bis
60%
an
58%
so
56%
was?
56%
was
56%
Was
56%
dass
55%
mein
55%
mich
54%
will
54%
von
50%
Von
50%
alle
49%
mir
49%
mir,
49%
sind
49%
Mit
48%
mit
48%
meine
46%
Auf
45%
auf
45%
nach
45%
schon
44%
dem
43%
einen
43%
nur
43%
oder
43%
wenn
43%
Wenn
43%
sag,
41%
am
39%
Ja,
39%
ja
39%
dann
38%
doch
38%
Doch
38%
Ob
36%
ob
36%
aber
35%
noch
35%
Weil
35%
denn?
33%
Denn
33%
oh,
33%
zum
33%
wird
31%
Nacht?
30%
mal
29%
um
29%
Immer
26%
immer
26%
mehr
26%
sagen
26%
keine
25%
ganz
24%
Ganz
24%
Zeit
24%
allein,
23%
allein
23%
oben,
20%
Hand
19%
schau
18%
Hass
15%
Stern,
15%
durch
14%
niemals
14%
würd
14%
arm
11%
Ey,
11%
ey,
11%
ganze
11%
gleich,
11%
gleich
11%
lange
11%
lieg
11%
macht
11%
Sterne,
11%
Sterne
11%
falsch
10%
gerne
10%
neben
10%
siehst
10%
singe
10%
such
10%
nah,
9%
reich
9%
Seite
9%
Würde
9%
yo
9%
schaue
8%
Wand
8%
abends
6%
alleine
6%
bringst
6%
egal,
6%
egal
6%
Guck
6%
morgens
6%
Verstand
6%
vielleicht
6%
Wach
6%
kleine
5%
Berlin,
4%
geile.
4%
geile
4%
liegt
4%
linken
4%
wunderschön?
4%
Dag,
3%
Hals
3%
passieren
3%
runterholen
3%
soo
3%
wow
3%
Brudi,
1%
Doppelzimmer
1%
entfernt
1%
fürs
1%
gründ
1%
Kriege
1%
Land
1%
ma´
1%
Männer
1%
Nachthimmel
1%
pleite
1%
Pornos,
1%
Schlechtes
1%
starr
1%
steifen
1%
Vaterland
1%
Würden
1%
absichtlich
0%
anstatt
0%
Ärztin,
0%
Bayern
0%
buch
0%
Drum
0%
egal, ob
0%
ein´n
0%
Ein´n
0%
Faszninierend
0%
Frieden"
0%
führen
0%
Gedächtnis
0%
General,
0%
Genital,
0%
Genital
0%
Handarbeiterpartei
0%
ichmir
0%
international
0%
jezt
0%
lerder
0%
Lichtjahren
0%
"Masturbieren
0%
mein´n
0%
mein´n,
0%
Mikrofon
0%
Millionen
0%
´ne
0%
nur´n
0%
olle
0%
Partei
0%
Plakaten
0%
pornografisches
0%
regieren
0%
runterhole´n,
0%
runterhol´n
0%
samma
0%
schein´n
0%
schon´nen
0%
Ständer
0%
Taschentuch
0%
verbracht
0%
vereint,
0%
Vernaschen
0%
versteh´n
0%
was denkst
0%
wichsen,
0%
Keine übereinstimmenden Quizze gefunden
Verteilung der Resultate
Anzahl Personen mit jedem Resultat
Perzentil nach korrekt beantworteten Fragen
Ihre Resultats-Entwicklung
Sie haben dieses Quiz noch nicht gespielt